000 01009nam a22003497a 4500
001 BR7575081
003 BR-BrBNA
005 20230928084847.0
007 ta
008 230509b bl.||||| |||| 00| 0 por d
040 _aBR-BrBNA
_bpor
_cBiblioteca Nacional de Agricultura
041 _a(Por)
072 _aH00; E10
_b3871
_b/G514
090 _ 3871 BR7575081
100 1 _aRocha, J.A.M. da
100 1 _aAlmeida, A.P.
100 1 _aGomes, J. de M.
110 1 _aSecretaria da Agricultura, Porto Alegre, RS (Brasil). Unidade de Economia Agricola
_98500
245 1 _aAviacao agricola no Rio Grande do Sul - 1974 [Defensivo; Brasil]
260 3 _aPorto Alegre, RS (Brasil):
_c1974.
300 _a50 p.
650 _aDEFENSIVO
650 _aAVIACAO AGRICOLA
650 _aRIO GRANDE DO SUL
650 _aCUSTO OPERACIONAL
650 _aCONTROLE QUIMICO
650 _aPULVERIZACAO AEREA
650 _aOFERTA
650 _aDEMANDA
909 _a202309
_bLucia
_c55
_dLucia Elande
942 _cBK
999 _c21523
_d21523